Online
Catalog

Vidas de los españoles celebres / (Record no. 18615)

MARC details
000 -CABECERA
campo de control de longitud fija 00719cam a2200229 a 4500
001 - NÚMERO DE CONTROL
campo de control 000019097
005 - FECHA Y HORA DE LA ÚLTIMA TRANSACCIÓN
campo de control 20200929165924.0
008 - DATOS DE LONGITUD FIJA--INFORMACIÓN GENERAL
campo de control de longitud fija 840920s1922 sp 000 0 spa d
040 ## - FUENTE DE LA CATALOGACIÓN
Centro catalogador/agencia de origen DO-SdBNP
Lengua de catalogación spa
Centro/agencia transcriptor LC
Centro/agencia modificador BNPHU
082 ## - NÚMERO DE LA CLASIFICACIÓN DECIMAL DEWEY
Número de clasificación 920.046
Número de documento/Ítem Q77v
049 ## - FONDOS LOCALES (OCLC)
Fondos de biblioteca BNGR
100 1# - ENTRADA PRINCIPAL--NOMBRE DE PERSONA
Nombre de persona Quintana, Manuel José,
Fechas asociadas al nombre 1772-1857.
9 (RLIN) 22412
245 10 - MENCIÓN DE TÍTULO
Título Vidas de los españoles celebres /
Mención de responsabilidad, etc. M. J. Quintana.
260 ## - PUBLICACIÓN, DISTRIBUCIÓN, ETC.
Lugar de publicación, distribución, etc. Madrid, (España) :
Nombre del editor, distribuidor, etc. Calpe,
Fecha de publicación, distribución, etc. 1922.
300 ## - DESCRIPCIÓN FÍSICA
Extensión v. ;
Dimensiones 16 cm.
490 1# - MENCIÓN DE SERIE
Mención de serie Universal
500 ## - NOTA GENERAL
Nota general La biblioteca sólo posee el tomo 5.
600 14 - PUNTO DE ACCESO ADICIONAL DE MATERIA--NOMBRE DE PERSONA
Nombre de persona FRAY BARTOLOMÉ DE LAS CASAS
Fechas asociadas al nombre 1484-1566
9 (RLIN) 41096
651 #4 - PUNTO DE ACCESO ADICIONAL DE MATERIA--NOMBRE GEOGRÁFICO
Nombre geográfico España
Subdivisión general Biografias
9 (RLIN) 8185
830 #0 - PUNTO DE ACCESO ADICIONAL DE SERIE-TÍTULO UNIFORME
Título uniforme Universal
9 (RLIN) 24753
910 ## - DATOS DE OPCIÓN DEL USUARIO (OCLC)
Datos de opción del usuario Catalogación derivada / LC
Holdings
Estado de retiro Estado de pérdida Restricciones de uso No para préstamo Código de colección Localización permanente Ubicación/localización actual Ubicación en estantería Fecha de adquisición Número de inventario Total de préstamos Signatura topográfica completa Código de barras Fecha visto por última vez Precio válido a partir de Tipo de ítem Koha
        Monografías: Libros y Folletos General General En catalogación 25.05.2010 LF1   920.046 Q77v 19097-10 25.06.2020 25.06.2020 Préstamo en sala

Powered by Koha